000 00640nam a2200217Ia 4500
003 GCL
008 140319s9999 xx 000 0 ara d
040 _aGCL /
_cGCL
082 0 4 _a913.04
_bك ع
100 1 _aكامل زهيرى
245 1 0 _aالعالم من ثقب الباب /
_cكامل زهيرى
260 _a[S.N] :
_bالمؤسسة العربية للدراسات والنشر ،
_c1973
300 _a334 ص
490 _a
650 0 4 _aالعادات والتقاليد
650 0 4 _aالرحلات
650 0 4 _aالعالم
650 0 4 _aوصف ورحلات
650 0 4 _aكامل الزهيرى
942 _2ddc
_cBK
999 _c36075
_d36075